[Event "Europa Clubs Cup (Maenner)"]
[Site "Rethymnon (Kreta)"]
[Date "2003.09.28"]
[Round "1"]
[White "Rasik, Viteslav"]
[Black "Adams, Michael"]
[Result "0-1"]
[WhiteElo "2719"]
[BlackElo "2466"]
[PlyCount "68"]
[EventDate "2003.09.28"]

1. e4 e5 2. Nf3 Nc6 3. Bb5 Nf6 4. d3 d6 5. c3 a6 6. Ba4 g6 7. O-O Bg7 8. Re1
O-O 9. Nbd2 b5 10. Bb3 Na5 11. Bc2 c5 12. d4 exd4 13. cxd4 cxd4 14. Nxd4 Re8
15. Nf1 Qb6 16. Nf3 Nc4 17. Rb1 Bg4 18. Ne3 Ne5 19. Nxg4 Nfxg4 20. Be3 Nxe3 21.
Rxe3 Nc4 22. Rb3 Rac8 23. h4 Rc5 24. Ne1 Rc7 25. Nf3 Rec8 26. Rd3 Nxb2 27. Rxd6
Qb8 28. Qd5 Rc5 29. Rd8+ Rxd8 30. Qxc5 Rc8 31. Qd5 Rxc2 32. Ng5 Qa7 33. Qd8+
Bf8 34. Rf1 h6 0-1

[Event "Europa Clubs Cup (Maenner)"]
[Site "Rethymnon (Kreta)"]
[Date "2003.09.28"]
[Round "1"]
[White "Sikora-Lerch, Jan"]
[Black "Bacrot, Mtienne"]
[Result "1-0"]
[WhiteElo "2645"]
[BlackElo "2324"]
[PlyCount "73"]
[EventDate "2003.09.28"]

1. d4 c5 2. d5 Nf6 3. c4 e6 4. Nc3 exd5 5. cxd5 d6 6. Nf3 g6 7. e4 Bg7 8. h3
O-O 9. Bd3 b6 10. O-O Ba6 11. Re1 Bxd3 12. Qxd3 Nbd7 13. Bf4 Ne8 14. a4 a6 15.
Rad1 f6 16. Rb1 Ne5 17. Bxe5 dxe5 18. b4 Nd6 19. bxc5 bxc5 20. Nd2 f5 21. Nc4
Nxc4 22. Qxc4 Qd6 23. a5 Rab8 24. Na4 fxe4 25. Rb6 Rxb6 26. axb6 e3 27. Rxe3 e4
28. Qxe4 Bd4 29. Qe6+ Qxe6 30. Rxe6 Rxf2 31. Kh2 Rf7 32. h4 Rb7 33. Rc6 c4 34.
d6 Rd7 35. g3 Be5 36. Rc8+ Kg7 37. Rc7 1-0

[Event "Europa Clubs Cup (Maenner)"]
[Site "Rethymnon (Kreta)"]
[Date "2003.09.28"]
[Round "1"]
[White "Walek, Milan"]
[Black "Fressinet, Laurent"]
[Result "1/2-1/2"]
[WhiteElo "2332"]
[BlackElo "2640"]
[PlyCount "170"]
[EventDate "2003.09.28"]

1. e4 e5 2. Bc4 Nf6 3. d3 c6 4. Nf3 d5 5. Bb3 a5 6. a4 Bd6 7. Nbd2 Nbd7 8. c3
b6 9. O-O Ba6 10. Bc2 O-O 11. Re1 Qc7 12. Nf1 Rfe8 13. Ng3 Rad8 14. Nh4 Bf8 15.
Nhf5 dxe4 16. dxe4 Nc5 17. Qf3 Bd3 18. Bxd3 Nxd3 19. Rd1 Nxc1 20. Raxc1 g6 21.
Ne3 Nd7 22. Qe2 Nc5 23. Qc2 Bh6 24. Ngf1 Qe7 25. Rb1 Rxd1 26. Rxd1 Rd8 27.
Rxd8+ Qxd8 28. Nc4 f6 29. b3 Ne6 30. g3 Bf8 31. Qd2 Qc7 32. Kg2 Bc5 33. h4 Kg7
34. Nh2 h5 35. Nf3 Be7 36. Ne1 Nc5 37. Qd1 Qd8 38. Nf3 Kh7 39. Ne3 Qd3 40. Qxd3
Nxd3 41. Nd2 Bc5 42. Nd1 Kg7 43. Nc4 f5 44. Nd2 Kf6 45. Kf3 Ke6 46. Ke2 Nc1+
47. Kf3 Bf8 48. Nc4 Bc5 49. b4 axb4 50. cxb4 Bd4 51. a5 b5 52. Na3 Nd3 53. Nc2
Ba7 54. exf5+ gxf5 55. Ke2 e4 56. f3 Ke5 57. fxe4 fxe4 58. Nde3 c5 59. bxc5 b4
60. Nc4+ Kd5 61. Nb6+ Kxc5 62. Nc8 b3 63. Na3 Kb4 64. Nb1 Bd4 65. a6 Nc1+ 66.
Kd2 Na2 67. a7 e3+ 68. Kd3 e2 69. a8=Q e1=Q 70. Qa3+ Kb5 71. Qxb3+ Nb4+ 72.
Kxd4 Qf2+ 73. Ke5 Qc5+ 74. Kf4 Qxc8 75. Nc3+ Qxc3 76. Qxc3 Nd5+ 77. Kg5 Nxc3
78. Kxh5 Ne4 79. Kg4 Kc6 80. Kf4 Nd6 81. g4 Kd7 82. Ke5 Ke7 83. h5 Nf7+ 84. Kf5
Nh6+ 85. Kg5 Nxg4 1/2-1/2

[Event "Europa Clubs Cup (Maenner)"]
[Site "Rethymnon (Kreta)"]
[Date "2003.09.28"]
[Round "1"]
[White "Kurajica, Bojan"]
[Black "Schneider, Stefan"]
[Result "1-0"]
[WhiteElo "2558"]
[BlackElo "2319"]
[PlyCount "83"]
[EventDate "2003.09.28"]

1. c4 Nf6 2. Nf3 c6 3. g3 d5 4. Qc2 Bg4 5. Bg2 Nbd7 6. d4 e6 7. O-O Be7 8. Bf4
O-O 9. Rd1 Bf5 10. Qc1 Ne4 11. Nc3 Qa5 12. Nd2 Nxc3 13. Qxc3 Qxc3 14. bxc3 Nb6
15. e4 dxe4 16. a4 g5 17. Be3 Bg4 18. Rdb1 f5 19. a5 Nc8 20. f3 exf3 21. Nxf3
Bxf3 22. Bxf3 Nd6 23. c5 Nc4 24. Rxb7 Bd8 25. Bc1 Nxa5 26. Rd7 Nb3 27. Bxc6
Nxa1 28. Bxa8 Ba5 29. Bg2 Bxc3 30. Bxg5 Nc2 31. d5 Bd4+ 32. Kh1 Rb8 33. h4 Rb1+
34. Kh2 Ne1 35. dxe6 Rb2 36. Kh3 Rxg2 37. e7 Kf7 38. Rd8 Re2 39. Rf8+ Kg7 40.
e8=Q Rxe8 41. Rxe8 Nf3 42. c6 1-0

[Event "Europa Clubs Cup (Maenner)"]
[Site "Rethymnon (Kreta)"]
[Date "2003.09.28"]
[Round "1"]
[White "Kasimdzhanov, Rustan"]
[Black "Helgason, Reynir"]
[Result "1-0"]
[WhiteElo "2664"]
[BlackElo "2336"]
[PlyCount "79"]
[EventDate "2003.09.28"]

1. Nf3 d5 2. d4 Nf6 3. c4 dxc4 4. e3 e6 5. Bxc4 a6 6. O-O Nbd7 7. Nc3 b5 8. Bb3
b4 9. Ne2 Bd6 10. Ba4 O-O 11. e4 Be7 12. Bc6 Rb8 13. e5 Nd5 14. Bxd5 exd5 15.
Nf4 Nb6 16. b3 Be6 17. a4 Nd7 18. Qd3 Rb6 19. Be3 c5 20. dxc5 Bxc5 21. Rac1
Bxe3 22. Qxe3 Qb8 23. Rfd1 Rc8 24. Rxc8+ Qxc8 25. Nxd5 Bxd5 26. Rxd5 Rc6 27. h3
h6 28. Qd4 Nf8 29. Rd8 Rc1+ 30. Kh2 Qc5 31. Qd6 Qxd6 32. exd6 g6 33. Ra8 Kg7
34. Ne5 Rd1 35. Rxa6 Kf6 36. Nc6 Nd7 37. Nxb4 Ke6 38. Rc6 Rxd6 39. a5 Rxc6 40.
Nxc6 1-0

[Event "Europa Clubs Cup (Maenner)"]
[Site "Rethymnon (Kreta)"]
[Date "2003.09.28"]
[Round "1"]
[White "Ahlander, Bjorn"]
[Black "Sokolov, Ivan"]
[Result "1/2-1/2"]
[WhiteElo "2393"]
[BlackElo "2693"]
[PlyCount "125"]
[EventDate "2003.09.28"]

1. d4 d5 2. c4 c6 3. Nc3 Nf6 4. Nf3 dxc4 5. a4 Bf5 6. e3 e6 7. Bxc4 Nbd7 8. Qb3
Qb6 9. Qa2 a5 10. O-O Bb4 11. e4 Bg6 12. Be3 Qd8 13. e5 Ne4 14. Qb3 Nb6 15. Be2
O-O 16. Nxe4 Bxe4 17. Ng5 Qd5 18. Qd1 Bxg2 19. Bd3 h6 20. Qh5 f5 21. exf6 Rxf6
22. Qg4 Bf3 23. Nxf3 Qxf3 24. Qxf3 Rxf3 25. Be4 Rf6 26. Kh1 Bd6 27. Rg1 Bf4 28.
Rg2 Raf8 29. Rag1 R8f7 30. Bg6 Rd7 31. b3 Nd5 32. Re1 Kf8 33. Kg1 Bc7 34. Rg4
Ne7 35. Bd3 Nf5 36. Re4 Rdf7 37. Bc4 Rg6+ 38. Kf1 Rff6 39. Bf4 Bxf4 40. Rxf4
Ke7 41. Bxe6 Rxe6 42. Rxf5 Rg1+ 43. Kxg1 Rxe1+ 44. Kg2 b6 45. Rf3 Rd1 46. Rg3
g5 47. Rh3 Rxd4 48. Rxh6 Kd7 49. Rh3 b5 50. axb5 cxb5 51. Rg3 g4 52. Re3 Kd6
53. h4 gxh3+ 54. Kxh3 a4 55. bxa4 Rxa4 56. Re8 Kc5 57. Rb8 Ra6 58. Kg4 b4 59.
Kf4 Kc4 60. Ke4 b3 61. Ke3 Kc3 62. Rc8+ Kb2 63. f4 1/2-1/2

[Event "Europa Clubs Cup (Maenner)"]
[Site "Rethymnon (Kreta)"]
[Date "2003.09.28"]
[Round "1"]
[White "Rublevsky, Sergei"]
[Black "Meessen, Rudolf"]
[Result "1-0"]
[WhiteElo "2672"]
[BlackElo "2279"]
[PlyCount "73"]
[EventDate "2003.09.28"]

1. e4 e6 2. d4 d5 3. Nd2 Nf6 4. Bd3 c5 5. e5 Nfd7 6. c3 Nc6 7. Ne2 Qb6 8. Nf3
cxd4 9. cxd4 f6 10. exf6 Nxf6 11. O-O Bd6 12. Rb1 O-O 13. Bf4 Bxf4 14. Nxf4 Ne4
15. Ne2 Rxf3 16. gxf3 Ng5 17. Kh1 Nxf3 18. Bxh7+ Kxh7 19. Qd3+ Kg8 20. Qxf3
Nxd4 21. Nxd4 Qxd4 22. Rg1 Bd7 23. Rg4 Qe5 24. Rbg1 Rf8 25. Rxg7+ Qxg7 26.
Rxg7+ Kxg7 27. Qg3+ Kf6 28. h4 e5 29. Qg5+ Ke6 30. h5 d4 31. h6 Bc6+ 32. Kg1
Be4 33. h7 Bxh7 34. Qh6+ Rf6 35. Qxh7 Rf7 36. Qg6+ Rf6 37. Qe8+ 1-0

[Event "Europa Clubs Cup (Maenner)"]
[Site "Rethymnon (Kreta)"]
[Date "2003.09.28"]
[Round "1"]
[White "Timofeev, Artyom"]
[Black "Petzold, Klaus"]
[Result "1-0"]
[WhiteElo "2575"]
[BlackElo "2275"]
[PlyCount "31"]
[EventDate "2003.09.28"]

1. e4 c6 2. d4 d5 3. exd5 cxd5 4. c4 Nf6 5. Nc3 g6 6. Qb3 Bg7 7. cxd5 O-O 8. g3
e6 9. Bg2 Nxd5 10. Nge2 Nc6 11. O-O Nxd4 12. Nxd4 Bxd4 13. Nxd5 exd5 14. Bh6
Re8 15. Rad1 Qf6 16. Qa4 1-0

[Event "Europa Clubs Cup (Maenner)"]
[Site "Rethymnon (Kreta)"]
[Date "2003.09.28"]
[Round "1"]
[White "Plumanns, Dieter"]
[Black "Hasangatin, Ramil"]
[Result "0-1"]
[WhiteElo "2220"]
[BlackElo "2515"]
[PlyCount "80"]
[EventDate "2003.09.28"]

1. d4 d5 2. Nf3 Nf6 3. c4 c6 4. Nc3 dxc4 5. a4 Na6 6. e3 Bg4 7. Bxc4 e6 8. O-O
Nb4 9. Bd2 Be7 10. Na2 Nxa2 11. Rxa2 Ne4 12. Be1 O-O 13. h3 Bh5 14. g4 Bg6 15.
Ne5 c5 16. Nxg6 hxg6 17. Qd3 Nf6 18. b3 cxd4 19. exd4 Nd5 20. f4 g5 21. f5 Nf4
22. Rxf4 gxf4 23. fxe6 fxe6 24. Bxe6+ Kh8 25. Re2 Bd6 26. Qf3 Bc7 27. d5 Qg5
28. h4 Qe7 29. Bc3 Bb6+ 30. Kf1 Be3 31. g5 Rac8 32. Be1 Rce8 33. h5 Qxg5 34.
Rg2 Qe5 35. h6 g5 36. Qh5 f3 37. Rc2 Qe4 38. Bc3+ Kh7 39. Bg8+ Kxg8 40. h7+
Qxh7 0-1

[Event "Europa Clubs Cup (Maenner)"]
[Site "Rethymnon (Kreta)"]
[Date "2003.09.29"]
[Round "2"]
[White "Svidler, Peter"]
[Black "Hracek, Zbynek"]
[Result "1-0"]
[WhiteElo "2723"]
[BlackElo "2584"]
[PlyCount "73"]
[EventDate "2003.09.28"]

1. e4 c5 2. Nf3 d6 3. d4 cxd4 4. Nxd4 Nf6 5. Nc3 a6 6. Be3 e5 7. Nb3 Be6 8. f3
Nbd7 9. g4 b5 10. g5 Nh5 11. Qd2 Be7 12. O-O-O O-O 13. Nd5 Bxd5 14. exd5 f5 15.
gxf6 Rxf6 16. Na5 Nf4 17. Nc6 Qf8 18. Kb1 Bd8 19. Nxd8 Qxd8 20. c4 bxc4 21.
Bxc4 Nb6 22. Bb3 a5 23. a3 Rf7 24. Rc1 Rb7 25. Rc2 Qd7 26. Bxf4 exf4 27. Qxf4
Qb5 28. Ba2 Qd3 29. Rhc1 Rd8 30. Ka1 Rf7 31. Qh4 Re8 32. Rc6 Qe3 33. Qg3 Rf6
34. Bb1 Na4 35. Rc7 Re7 36. Rc8+ Rf8 37. Qh4 1-0

[Event "Europa Clubs Cup (Maenner)"]
[Site "Rethymnon (Kreta)"]
[Date "2003.09.29"]
[Round "2"]
[White "Joachim, Sven"]
[Black "Bacrot, Mtienne"]
[Result "1/2-1/2"]
[WhiteElo "2438"]
[BlackElo "2645"]
[PlyCount "49"]
[EventDate "2003.09.28"]

1. e4 e5 2. Nf3 Nc6 3. Bb5 a6 4. Ba4 Nf6 5. O-O b5 6. Bb3 Bc5 7. a4 Rb8 8. c3
d6 9. d4 Bb6 10. Na3 O-O 11. axb5 axb5 12. Nxb5 Bg4 13. Bc2 Bxf3 14. Qxf3 exd4
15. cxd4 Nxd4 16. Nxd4 Bxd4 17. Rb1 c5 18. Rd1 d5 19. Bg5 dxe4 20. Bxe4 Re8 21.
Bd3 h6 22. Bxf6 Qxf6 23. Qxf6 Bxf6 24. b3 Bd4 25. Re1 1/2-1/2

[Event "Europa Clubs Cup (Maenner)"]
[Site "Rethymnon (Kreta)"]
[Date "2003.09.29"]
[Round "2"]
[White "Kurajica, Bojan"]
[Black "Ivanov, Sergey"]
[Result "1/2-1/2"]
[WhiteElo "2558"]
[BlackElo "2556"]
[PlyCount "108"]
[EventDate "2003.09.28"]

1. d4 Nf6 2. Nf3 d5 3. c4 e6 4. Nbd2 c5 5. cxd5 cxd4 6. Nxd4 Qxd5 7. e3 a6 8.
Qf3 Qxf3 9. N4xf3 Nbd7 10. b3 Be7 11. Bb2 O-O 12. Be2 b5 13. Rc1 Nd5 14. O-O
Bb7 15. Rc2 Rfc8 16. Rfc1 Rxc2 17. Rxc2 Nc5 18. a3 Rc8 19. Nd4 g6 20. N4f3 f6
21. Ne1 Kf7 22. Bf3 Nd7 23. Rxc8 Bxc8 24. Nd3 Bb7 25. h4 e5 26. b4 N7b6 27. Nb3
Na4 28. Ba1 Ba8 29. Nd2 Ndb6 30. Bxa8 Nxa8 31. g4 N8b6 32. g5 Nc4 33. gxf6 Bxf6
34. Ne4 Bxh4 35. Nxe5+ Ke6 36. Nxc4 bxc4 37. Kf1 Kd5 38. f3 Be7 39. Ke2 h5 40.
Bd4 Kc6 41. f4 Kd5 42. Kf3 h4 43. Bg7 h3 44. Nc3+ Nxc3 45. Bxc3 Ke6 46. e4 Bf6
47. e5 Bd8 48. a4 g5 49. fxg5 Bxg5 50. b5 axb5 51. axb5 Kd5 52. b6 Kc6 53. Kg3
Bf4+ 54. Kxh3 Kxb6 1/2-1/2

[Event "Europa Clubs Cup (Maenner)"]
[Site "Rethymnon (Kreta)"]
[Date "2003.09.29"]
[Round "2"]
[White "Kasimdzhanov, Rustan"]
[Black "Smirnov, Pavel"]
[Result "1/2-1/2"]
[WhiteElo "2664"]
[BlackElo "2629"]
[PlyCount "69"]
[EventDate "2003.09.28"]

1. e4 c5 2. Nf3 Nc6 3. d4 cxd4 4. Nxd4 Nf6 5. Nc3 e5 6. Ndb5 d6 7. Nd5 Nxd5 8.
exd5 Nb8 9. c4 Be7 10. Bd3 a6 11. Nc3 O-O 12. O-O f5 13. f3 Bg5 14. Kh1 Nd7 15.
b4 a5 16. a3 axb4 17. Bxg5 Qxg5 18. axb4 Rxa1 19. Qxa1 Qe3 20. Be2 b5 21. Qc1
Qxc1 22. Rxc1 bxc4 23. Nb5 Bb7 24. Bxc4 Rf6 25. Nc7 Nb6 26. Bb5 Rf7 27. Ne8
Bxd5 28. Nxd6 Rf8 29. Re1 Rf6 30. Ne8 Rh6 31. Bd3 e4 32. fxe4 fxe4 33. Bxe4
Bxe4 34. Rxe4 Nd5 35. h3 1/2-1/2

[Event "Europa Clubs Cup (Maenner)"]
[Site "Rethymnon (Kreta)"]
[Date "2003.09.29"]
[Round "2"]
[White "Korchnoi, Viktor"]
[Black "Sokolov, Ivan"]
[Result "1/2-1/2"]
[WhiteElo "2628"]
[BlackElo "2693"]
[PlyCount "270"]
[EventDate "2003.09.28"]

1. c4 Nf6 2. Nc3 e5 3. Nf3 Nc6 4. a3 d6 5. d4 exd4 6. Nxd4 g6 7. Bg5 Bg7 8. e3
O-O 9. Be2 h6 10. Bh4 Re8 11. Nxc6 bxc6 12. O-O a5 13. Bf3 Bd7 14. Rb1 Qc8 15.
Re1 Rb8 16. b4 axb4 17. axb4 Ng4 18. Qb3 Ne5 19. Be2 Bf5 20. e4 Be6 21. f4 Nd7
22. Qc2 Qa6 23. Bf2 Bxc4 24. Ra1 Bxe2 25. Rxa6 Bxa6 26. b5 Bb7 27. bxc6 Bxc6
28. Nd1 Ba8 29. Qxc7 Nf6 30. Bd4 Nxe4 31. Bxg7 Kxg7 32. Nf2 Nf6 33. Qc3 Rxe1+
34. Qxe1 Be4 35. Nxe4 Re8 36. Qc3 Rxe4 37. g3 d5 38. Kg2 h5 39. Kf1 Rc4 40. Qe5
Re4 41. Qc3 Ra4 42. Qe5 Rc4 43. Kg2 Re4 44. Qc3 Re2+ 45. Kg1 Re6 46. Qd4 Re1+
47. Kg2 Re4 48. Qc3 Re6 49. Qd4 Kh7 50. Kh3 Kg7 51. Kg2 Re4 52. Qc3 Rc4 53. Qe5
d4 54. Qd6 Ng4 55. h3 Nf6 56. Kf1 Rc1+ 57. Kg2 Rc2+ 58. Kh1 Rc3 59. Qxd4 Rxg3
60. Kh2 Rf3 61. Kg2 Rb3 62. Kh2 Rb5 63. Kg2 Rf5 64. Kg3 Kh7 65. Kh4 Nd5 66. Kg3
Nxf4 67. Qc4 Ne6 68. Qc3 Ng5 69. Qc1 Rf3+ 70. Kh4 Rf5 71. Kg3 Ne4+ 72. Kg2 h4
73. Qc4 Rf4 74. Qd4 g5 75. Qd3 Kg6 76. Kg1 Kh6 77. Qd4 Nf6 78. Qc3 Kg6 79. Qc2+
Re4 80. Kg2 Kg7 81. Qc3 Re6 82. Qd4 Kg6 83. Qd3+ Ne4 84. Qd8 Nf6 85. Qd3+ Re4
86. Kg1 Kg7 87. Qb5 Kh6 88. Qb7 Kg6 89. Qb1 Kf5 90. Qd3 Kg6 91. Qb1 g4 92. hxg4
Kg5 93. Qc1+ Rf4 94. Qc5+ Kxg4 95. Qc7 Ne4 96. Qd7+ f5 97. Qg7+ Ng5 98. Qg8 h3
99. Qg7 Re4 100. Qc3 Kh4 101. Qf6 f4 102. Qd8 Kg4 103. Kf2 f3 104. Qc8+ Re6
105. Kg1 Kf4 106. Qf8+ Kg3 107. Qb8+ Kg4 108. Qc8 Kf5 109. Qf8+ Rf6 110. Qc8+
Kf4 111. Qc1+ Kg4 112. Kh2 f2 113. Qf1 Nf3+ 114. Kh1 Nd2 115. Qxh3+ Kf4 116.
Qh4+ Ke5 117. Qg5+ Rf5 118. Qe7+ Kf4 119. Qd6+ Kf3 120. Qd3+ Kg4 121. Qg3+ Kh5
122. Qh3+ Kg6 123. Qg3+ Kf7 124. Qc7+ Ke6 125. Qc6+ Ke5 126. Qc3+ Ke6 127. Qc6+
Kf7 128. Qd7+ Kg6 129. Qd6+ Rf6 130. Qg3+ Kf7 131. Qc7+ Ke6 132. Qb6+ Ke5 133.
Qc5+ Ke4 134. Qe7+ Kf5 135. Qd7+ Ke5 1/2-1/2

[Event "Europa Clubs Cup (Maenner)"]
[Site "Rethymnon (Kreta)"]
[Date "2003.09.29"]
[Round "2"]
[White "Shirov, Alexei"]
[Black "Volkov, Sergey"]
[Result "1/2-1/2"]
[WhiteElo "2732"]
[BlackElo "2620"]
[PlyCount "32"]
[EventDate "2003.09.28"]

1. e4 e6 2. d4 d5 3. Nc3 Nf6 4. Bg5 Bb4 5. e5 h6 6. Be3 Ne4 7. Qg4 g5 8. h4 h5
9. hxg5 hxg4 10. Rxh8+ Bf8 11. Nxe4 dxe4 12. Ne2 c5 13. O-O-O Qa5 14. Nc3 cxd4
15. Bxd4 Nc6 16. Nxe4 Nxd4 1/2-1/2

[Event "Europa Clubs Cup (Maenner)"]
[Site "Rethymnon (Kreta)"]
[Date "2003.09.29"]
[Round "2"]
[White "Sakaev, Konstantin"]
[Black "Bareev, Evgeny"]
[Result "1/2-1/2"]
[WhiteElo "2655"]
[BlackElo "2721"]
[PlyCount "95"]
[EventDate "2003.09.28"]

1. e4 c6 2. d4 d5 3. e5 Bf5 4. Nc3 e6 5. g4 Bg6 6. Nge2 c5 7. h4 h5 8. Nf4 Bh7
9. Nxh5 Nc6 10. dxc5 Bxc5 11. Bb5 Qc7 12. Bxc6+ Qxc6 13. Qf3 Kf8 14. Ng3 Ne7
15. h5 Bd4 16. Bf4 Rc8 17. h6 Bxc3+ 18. Qxc3 Qxc3+ 19. bxc3 Be4 20. hxg7+ Kxg7
21. Rxh8 Kxh8 22. Bg5 Ng6 23. Bf6+ Kg8 24. Nxe4 dxe4 25. O-O-O a6 26. Rd4 Rxc3
27. Rxe4 Rf3 28. Rd4 b5 29. Rd8+ Kh7 30. Rd7 Kg8 31. Rd8+ Kh7 32. Rd7 Kg8 33.
Ra7 Rxf2 34. Rxa6 Re2 35. Ra5 Nxe5 36. Kd1 Re4 37. Bxe5 Rxe5 38. c4 f5 39. gxf5
exf5 40. Rxb5 Re4 41. Rxf5 Rxc4 42. Rf3 Rc8 43. a4 Rc4 44. a5 Rc5 45. Ra3 Kf7
46. Kd2 Ke6 47. Kd3 Kd5 48. a6 1/2-1/2

[Event "Europa Clubs Cup (Maenner)"]
[Site "Rethymnon (Kreta)"]
[Date "2003.09.30"]
[Round "3"]
[White "Zhigalko, Andrey"]
[Black "Svidler, Peter"]
[Result "1/2-1/2"]
[WhiteElo "2466"]
[BlackElo "2723"]
[PlyCount "64"]
[EventDate "2003.09.28"]

1. e4 c5 2. Nf3 d6 3. d4 cxd4 4. Nxd4 Nf6 5. Nc3 a6 6. Be3 e6 7. f3 b5 8. g4 b4
9. Nce2 h6 10. Qd2 e5 11. Nb3 a5 12. Rd1 a4 13. Nbc1 Nc6 14. Ng3 Qa5 15. Nf5
Bxf5 16. gxf5 d5 17. exd5 O-O-O 18. Bc4 Bc5 19. Bxc5 Qxc5 20. Nd3 Qxc4 21. dxc6
e4 22. Qxb4 Qxc6 23. Qc5 Qxc5 24. Nxc5 Rxd1+ 25. Kxd1 Rd8+ 26. Ke2 exf3+ 27.
Kxf3 a3 28. Ne4 Nxe4 29. Kxe4 axb2 30. Rb1 Rd2 31. Rxb2 Rxh2 32. Rb1 Rxc2
1/2-1/2

[Event "Europa Clubs Cup (Maenner)"]
[Site "Rethymnon (Kreta)"]
[Date "2003.09.30"]
[Round "3"]
[White "Adams, Michael"]
[Black "Zhigalko, Sergei"]
[Result "1/2-1/2"]
[WhiteElo "2719"]
[BlackElo "2399"]
[PlyCount "114"]
[EventDate "2003.09.28"]

1. e4 c5 2. Nf3 Nc6 3. Bb5 Qc7 4. O-O a6 5. Bxc6 dxc6 6. a4 Nf6 7. d3 a5 8.
Nbd2 g6 9. b3 Bg7 10. Bb2 O-O 11. Be5 Qd8 12. Nc4 b5 13. Ne3 Bh6 14. h3 Be6 15.
Qe1 Qb6 16. Bc3 c4 17. bxc4 Bxe3 18. fxe3 bxc4 19. Ng5 cxd3 20. cxd3 Qc5 21. e5
Nh5 22. Nxe6 fxe6 23. Rxf8+ Rxf8 24. Bxa5 Qxe5 25. Bc3 Qd5 26. Qd2 Ng3 27. a5
Qh5 28. Re1 Qb5 29. Qa2 Qd5 30. Qxd5 exd5 31. e4 dxe4 32. Re3 Rf1+ 33. Kh2 Rc1
34. Rxg3 e3 35. Rxe3 Rxc3 36. Rxe7 Ra3 37. Rc7 Rxa5 38. Rxc6 Ra3 39. Rd6 Kg7
40. Kg3 h6 41. Kf3 Ra2 42. Re6 Rd2 43. Re3 Kf6 44. g3 h5 45. Ke4 g5 46. Kd5 Kf5
47. h4 gxh4 48. gxh4 Kg4 49. Re4+ Kf3 50. Kd4 Ra2 51. Kc3 Rh2 52. Kd4 Ra2 53.
Ke5 Ra5+ 54. Ke6 Ra3 55. Rd4 Ke3 56. Rd5 Rxd3 57. Rxh5 Kd4 1/2-1/2

[Event "Europa Clubs Cup (Maenner)"]
[Site "Rethymnon (Kreta)"]
[Date "2003.09.30"]
[Round "3"]
[White "Tihonov, Jurij"]
[Black "Lautier, Joel"]
[Result "0-1"]
[WhiteElo "2382"]
[BlackElo "2677"]
[PlyCount "52"]
[EventDate "2003.09.28"]

1. Nf3 c5 2. g3 Nc6 3. Bg2 g6 4. O-O Bg7 5. Nc3 d5 6. d3 e6 7. e4 d4 8. Ne2
Nge7 9. h4 e5 10. Kh2 h6 11. Nfg1 g5 12. Bh3 f5 13. hxg5 hxg5 14. Bxg5 Qd6 15.
f4 Bd7 16. Bh4 Ng6 17. Qe1 fxe4 18. dxe4 exf4 19. Nxf4 Rxh4 20. gxh4 Be5 21.
Kh1 Nxf4 22. Qg3 O-O-O 23. Bxd7+ Rxd7 24. Nh3 Ne2 25. Qg8+ Nd8 26. Rf8 Rg7 0-1

[Event "Europa Clubs Cup (Maenner)"]
[Site "Rethymnon (Kreta)"]
[Date "2003.09.30"]
[Round "3"]
[White "Bacrot, Etienne"]
[Black "Mochalov, Evgeny"]
[Result "1-0"]
[WhiteElo "2645"]
[BlackElo "2417"]
[PlyCount "121"]
[EventDate "2003.09.28"]

1. e4 c5 2. Nf3 Nc6 3. d4 cxd4 4. Nxd4 e5 5. Nb5 d6 6. N1c3 a6 7. Na3 b5 8. Nd5
Nge7 9. c4 Nd4 10. Be3 Nxd5 11. cxd5 Be7 12. Bd3 O-O 13. O-O Bd7 14. Qd2 Rc8
15. Bxd4 exd4 16. Nc2 Qb6 17. h3 Bf6 18. f4 Rfe8 19. Kh2 g6 20. Ne1 Bg7 21. Nf3
b4 22. Rfe1 a5 23. Rad1 a4 24. Bb1 Rc4 25. e5 b3 26. axb3 axb3 27. e6 fxe6 28.
dxe6 Rxe6 29. Ng5 Rxe1 30. Qxe1 Bf6 31. Qe4 Bxg5 32. Qd5+ Kg7 33. Qxg5 Be8 34.
f5 d5 35. Rf1 Qd6+ 36. Kg1 Rc7 37. f6+ Kg8 38. Qh4 Bf7 39. Bd3 Rc6 40. Qxd4 Qc5
41. Qxc5 Rxc5 42. Ra1 Be8 43. Ra7 Rc6 44. Rg7+ Kf8 45. Rxh7 Rxf6 46. Rb7 Ba4
47. Rb4 Bd7 48. Rxb3 Ke7 49. Rb7 Kd8 50. Ra7 Rb6 51. Ra6 Rxb2 52. Rxg6 Ke7 53.
Rg7+ Kd6 54. h4 Rd2 55. Bf1 Bf5 56. h5 Ke5 57. h6 Kf6 58. g4 Be4 59. g5+ Ke5
60. Re7+ Kf5 61. Rxe4 1-0

[Event "Europa Clubs Cup (Maenner)"]
[Site "Rethymnon (Kreta)"]
[Date "2003.09.30"]
[Round "3"]
[White "Pantsulaia, Levan"]
[Black "Timofeev, Artyom"]
[Result "1-0"]
[WhiteElo "2461"]
[BlackElo "2575"]
[PlyCount "66"]
[EventDate "2003.09.28"]

1. Nf3 c5 2. c4 Nf6 3. g3 d5 4. cxd5 Nxd5 5. Bg2 Nc6 6. O-O e5 7. Nc3 Nc7 8. d3
Be7 9. Be3 O-O 10. Rc1 Rb8 11. a3 b6 12. b4 cxb4 13. axb4 Nxb4 14. Nxe5 Bb7 15.
Bxb7 Rxb7 16. Qb3 a5 17. Qc4 b5 18. Qe4 Qa8 19. Qg4 Qa6 20. Nd7 Rd8 21. Nc5
Bxc5 22. Bxc5 Nbd5 23. Nxd5 Nxd5 24. Bd4 Nf6 25. Qf3 Ne8 26. Rc6 Qa8 27. Rfc1
b4 28. Qg4 a4 29. Be5 Qa5 30. R1c5 Qa7 31. Rc8 Rbd7 32. R5c7 Rxc8 33. Rxc8 f5
1-0

[Event "Europa Clubs Cup (Maenner)"]
[Site "Rethymnon (Kreta)"]
[Date "2003.09.30"]
[Round "3"]
[White "Onischuk, Alexander"]
[Black "Belozerov, Andrei"]
[Result "1-0"]
[WhiteElo "2657"]
[BlackElo "2541"]
[PlyCount "85"]
[EventDate "2003.09.28"]

1. d4 Nf6 2. c4 e6 3. Nc3 Bb4 4. e3 c5 5. Nge2 cxd4 6. exd4 d5 7. c5 Nc6 8. a3
Bxc3+ 9. Nxc3 O-O 10. Be3 e5 11. Be2 exd4 12. Bxd4 Ne4 13. O-O Nxc3 14. bxc3
Bf5 15. Qb3 Qd7 16. Rfe1 Rfe8 17. Rad1 Rad8 18. Bf1 Re7 19. f3 Rde8 20. Rxe7
Rxe7 21. Bf2 Be6 22. Qa4 Qc7 23. Bg3 Qa5 24. Qxa5 Nxa5 25. Bb5 Nc6 26. a4 Re8
27. a5 a6 28. Bxc6 bxc6 29. Rb1 Ra8 30. Rb6 Bd7 31. Rb7 Bf5 32. Bb8 Bd3 33. Kf2
Bb5 34. Ke3 h6 35. Kf4 Bf1 36. g3 Be2 37. Ke5 Bxf3 38. Kd6 g5 39. Kc7 f5 40.
Rb2 Kf7 41. Kb7 Rxb8+ 42. Kxb8 Ke6 43. Kb7 1-0

[Event "Europa Clubs Cup (Maenner)"]
[Site "Rethymnon (Kreta)"]
[Date "2003.10.01"]
[Round "4"]
[White "Macieja, Bartlomiej"]
[Black "Adams, Michael"]
[Result "1/2-1/2"]
[WhiteElo "2627"]
[BlackElo "2719"]
[PlyCount "60"]
[EventDate "2003.09.28"]

1. e4 e5 2. Nf3 Nc6 3. Bb5 a6 4. Bxc6 dxc6 5. O-O Bg4 6. h3 h5 7. d3 Qf6 8.
Nbd2 Ne7 9. Re1 Ng6 10. d4 Nf4 11. hxg4 hxg4 12. g3 gxf3 13. Qxf3 Ne6 14. dxe5
Qh6 15. Nb3 g5 16. Be3 Qh3 17. Qg2 Qh5 18. f3 Bg7 19. Kf2 Bxe5 20. Rh1 Qg6 21.
Rxh8+ Bxh8 22. c3 O-O-O 23. Qh3 Bg7 24. Qf5 Qh5 25. Rg1 b6 26. Nd2 Kb7 27. Rg2
Qh1 28. Rg1 Qh2+ 29. Rg2 Qh1 30. Rg1 Qh2+ 1/2-1/2

[Event "Europa Clubs Cup (Maenner)"]
[Site "Rethymnon (Kreta)"]
[Date "2003.10.01"]
[Round "4"]
[White "Timofeev, Artyom"]
[Black "Yemelin, Vasily"]
[Result "0-1"]
[WhiteElo "2575"]
[BlackElo "2550"]
[PlyCount "86"]
[EventDate "2003.09.28"]

1. e4 e5 2. Nf3 Nc6 3. Bb5 Nf6 4. O-O Nxe4 5. d4 Nd6 6. Bxc6 dxc6 7. dxe5 Nf5
8. Qxd8+ Kxd8 9. Nc3 h6 10. h3 Ne7 11. b3 Ng6 12. Bb2 Ke8 13. Rad1 a5 14. Nd4
Nf4 15. Rfe1 Ne6 16. Nf5 h5 17. Re3 b6 18. Ne4 h4 19. a4 c5 20. Ree1 Bb7 21.
Nd2 Rd8 22. f3 g6 23. Ne3 Bh6 24. Ndc4 Ke7 25. Bc1 Rd4 26. Kf2 Bf4 27. Nf1 Bxc1
28. Rxc1 Rhd8 29. Na3 Ba6 30. Nb1 c4 31. c3 R4d7 32. b4 Nf4 33. b5 Nd3+ 34. Ke2
Bb7 35. Ne3 Ke6 36. Nxc4 Bd5 37. Ne3 Kxe5 38. c4 Be6 39. c5 Kf4 40. Nf1 Rd4 41.
cxb6 cxb6 42. Nc3 Kf5 43. Ne4 Ke5 0-1

[Event "Europa Clubs Cup (Maenner)"]
[Site "Rethymnon (Kreta)"]
[Date "2003.10.01"]
[Round "4"]
[White "Lautier, Joel"]
[Black "Markowski, Tomasz"]
[Result "1-0"]
[WhiteElo "2677"]
[BlackElo "2610"]
[PlyCount "75"]
[EventDate "2003.09.28"]

1. d4 d5 2. c4 dxc4 3. Nf3 Nf6 4. e3 e6 5. Bxc4 a6 6. O-O Nbd7 7. Re1 b5 8. Bd3
c5 9. a4 b4 10. e4 cxd4 11. e5 Nd5 12. Nxd4 Qc7 13. Bg5 Nc5 14. Bf1 h6 15. Bh4
Bb7 16. Nd2 g5 17. Bg3 Rd8 18. Qc2 Be7 19. Nc4 Nf4 20. Rad1 O-O 21. Bxf4 gxf4
22. Qc1 Bg5 23. h4 Bxh4 24. Qxf4 Bg5 25. Qg4 Kh7 26. Nd6 f5 27. Qh3 Bd5 28.
N4xf5 Bb3 29. f4 Bxf4 30. Rd4 Bg5 31. Rg4 exf5 32. Rxg5 Ne4 33. Rh5 Qc5+ 34.
Re3 Nxd6 35. Rxh6+ Kg7 36. Rh7+ Kg8 37. exd6 Qd4 38. Rh4 1-0